Podział Polski po rozbiciu dzielnicowym w 1138 - Statystyki

Ogólne statystyki
  • Ten quiz został rozwiązany 1 205 razy
  • Średni wynik to 5 z 7
Odpowiedzi na mapie
Odpowiedzi zakodowano w zielono-czerwonej skali na mapie do tego quizu, zgodnie z poniższymi procentami.
 
Statystyki odpowiedzi
Stolica Księstwo/Dzielnica % Poprawnych
Wrocław Księstwo {śląskie}
90%
Płock Księstwo {mazowieckie}
89%
Szczecin Księstwo {pomorskie}
87%
Poznań Księstwo {wielkopolskie}
87%
Sandomierz Księstwo {sandomierskie}
55%
Kraków Dzielnica {senioralna}
53%
Łęczyca Księstwo {łęczyckie}
38%
Nie znaleziono quizów pasujących do podanych kryteriów
Rozkład punktacji
Procent ludzi z każdym wynikiem
Percentyl według liczby udzielonych odpowiedzi
Twoja historia wyników
Nie rozwiązałeś tego quizu